Biblioteka Instytutu Północnego w Olsztynie

Widok standardowy Widok MARC

Pozycja Corporate Name

Liczba rekordów, w których użyto hasła: 1

001 - Numer kontrolny

  • control field: 40138

003 - Identyfikator numeru kontrolnego

  • control field: NUKAT

005 - Data i czas ostatniej modyfikacji

  • control field: 20260416105600.0

008 - Dane kontrolne kodowane (40 znaków)

  • fixed length control field: 071212n||a|znnaabn |a ana |c

010 ## - Numer kontrolny Biblioteki Kongresu

  • numer kontrolny LC: n 2007041055

024 7# - OTHER STANDARD IDENTIFIER

  • Standard number or code: 140943715
  • Source of number or code: viaf

040 ## - Instytucja sporządzająca rekord

  • inst. przygot. dane do rek. khw: WA U/MM
  • język haseł przedmiotowych/tezaurus: kaba
  • inst. wprow. rek. khw: WA U/MMs
  • inst. modyf. rek. khw: POZN U/AW
  • inst. modyf. rek. khw: LUBL U/AO

110 2# - Hasło - nazwa ciała zbiorowego

  • nazwa ciała zbior. lub geogr. na pocz.: Związek Strzelecki (1919-1939).

410 2# - Trop zob. - nazwa ciała zbiorowego

  • nazwa ciała zbior. lub geogr. na pocz.: T-wo Związek Strzelecki.

410 2# - Trop zob. - nazwa ciała zbiorowego

  • nazwa ciała zbior. lub geogr. na pocz.: ZS.

410 2# - Trop zob. - nazwa ciała zbiorowego

  • nazwa ciała zbior. lub geogr. na pocz.: Towarzystwo Związek Strzelecki.

410 2# - Trop zob. - nazwa ciała zbiorowego

  • nazwa ciała zbior. lub geogr. na pocz.: Związek Strzelecki.

665 ## - Nota historyczna

  • nota historyczna: W 1919 zostaje powołany Związek Strzelecki nawiązujący do tradycji z 1910 (we Lwowie"Związek Strzelecki" w Krakowie Towarzystwa "Strzelec" oraz "Drużyny Strzeleckie"). Związek prowadził działalność oświatową, społeczno-wychowawczą, przysposobienie wojskowe również w centrach emigracyjnych. W czerwcu 1990 z inicjatywy KPN zarejestrowano Związek Strzelecki "Strzelec".

670 ## - Źródło informacji

  • źródło informacji: Kp. Żądamy / Centralny Związek Osadników, Związek Strzelecki. - [S.l.], 1926.

670 ## - Źródło informacji

  • źródło informacji: Leks. HP - 1995.

670 ## - Źródło informacji

  • źródło informacji: Przegląd Strzelecki i Łuczniczy. - R. 1, z. 3(1926).

670 ## - Źródło informacji

  • źródło informacji: Związek Strzelecki
  • adres internetowy: http://www.zwiazek-strzelecki.pl/

670 ## - Źródło informacji

  • źródło informacji: Kp. Strzelec / organ Towarzystwa Związek Strzelecki. - R. VI, nr 19/21 (29 maja 1926)-.
Biblioteka Instytutu Północnego, ul. Partyzantów 87, 10-402 Olsztyn, email: biblioteka(at)ip.olsztyn.pl